Félix-Houphouët-Boigny Int. Destinations (Abidjan, Côte d'Ivoire) - Statistics

General Stats
  • This quiz has been taken 80 times
    26 since last reset
  • The average score is 26 of 40
Answer Stats
Airline Destination % Correct
Air Côte d'Ivoire/Air France Paris (Charles de Gaulle)
100%
Corsair International Paris (Orly)
100%
Turkish Airlines Istanbul
96%
Air Burkina/Air Côte d'Ivoire/Brussels Airlines/Emirates/Qatar Airways/South African Airways Accra
91%
Ethiopian Airlines Addis Ababa
91%
Brussels Airlines Brussels
91%
Tunisair Tunis
91%
Egyptair Cairo
87%
Air Côte d'Ivoire/Royal Air Maroc Casablanca
87%
Air Côte d'Ivoire/Air Senegal Dakar (Diass)
87%
Qatar Airways Doha
87%
Emirates Dubai (International)
87%
South African Airways Johannesburg (O.R. Tambo)
87%
Air Algérie Algiers
83%
Kenya Airways Nairobi (Jomo Kenyatta)
83%
Air Algérie/Air Burkina/Air Côte d'Ivoire/Brussels Airlines/Tunisair Ouagadougou
83%
Air Côte d'Ivoire/Air Peace/Middle East Airlines Lagos
78%
Air Côte d'Ivoire Abuja
74%
Air Côte d'Ivoire Kinshasa (N'djili)
74%
Air Côte d'Ivoire/Mauritania Airlines/Sky Mali Bamako
70%
Air Côte d'Ivoire Brazzaville
70%
Air Côte d'Ivoire/ASKY Airlines Lomé
70%
Air Côte d'Ivoire/Middle East Airlines Beirut
65%
Air Côte d'Ivoire Yaoundé
65%
Air Côte d'Ivoire Libreville
61%
Mauritania Airlines Nouakchott
61%
Air Côte d'Ivoire Monrovia (Roberts)
57%
Air Côte d'Ivoire/Tunisair Niamey
57%
Air Côte d'Ivoire/Ethiopian Airlines Conakry
52%
Air Côte d'Ivoire/Brussels Airlines/Turkish Airlines Cotonou
52%
Air Côte d'Ivoire Douala
52%
Ethiopian Airlines New York (JFK)
52%
Air Côte d'Ivoire Bissau
48%
Air Côte d'Ivoire Bouaké
26%
Air Côte d'Ivoire Pointe-Noire
26%
Air Côte d'Ivoire Korhogo
17%
Air Côte d'Ivoire San Pédro
17%
Air Burkina Bobo-Dioulasso
13%
Air Côte d'Ivoire Man
13%
Air Côte d'Ivoire Odienné
9%
No matching quizzes found
Score Distribution
Percent of People with Each Score
Percentile by Number Answered
Your Score History
You have not taken this quiz since the last reset